00502nam a2200169Ia 4500003000400000005001700004008004100021020001800062020001000080040002600090082001200116245002900128260003400157942001700191952010700208999001700315OSt20241205160205.0241205s9999 xx 000 0 und d a9781405136518 c191.8 bengcSSK Libraryerda a612/HUM 0aHuman Physiologyc5th ed a Blackwell Publishingb©2007 2ddccBOOKn0 00102ddc4070aSSHQbSSHQd2024-12-05l0o1004751r2024-12-05 09:52:32s0000-00-00w0000-00-00yBOOK c13423d13423